In-Service Trainning of Primary Teachers in Africa. (Record no. 6512)

MARC details
000 -LEADER
fixed length control field 00472nam a22001817a 4500
003 - CONTROL NUMBER IDENTIFIER
control field OSt
005 - DATE AND TIME OF LATEST TRANSACTION
control field 20200129113440.0
008 - FIXED-LENGTH DATA ELEMENTS--GENERAL INFORMATION
fixed length control field 200129b ||||| |||| 00| 0 eng d
020 ## - INTERNATIONAL STANDARD BOOK NUMBER
International Standard Book Number 0333362985
040 ## - CATALOGING SOURCE
Transcribing agency DDC.
082 ## - DEWEY DECIMAL CLASSIFICATION NUMBER
Classification number 372 EDU 1883
100 ## - MAIN ENTRY--PERSONAL NAME
Personal name Edited by Greenland, Jeremy;
9 (RLIN) 6352
245 ## - TITLE STATEMENT
Title In-Service Trainning of Primary Teachers in Africa.
300 ## - PHYSICAL DESCRIPTION
Extent x,324p;
Other physical details ill,
Dimensions 22cm.
504 ## - BIBLIOGRAPHY, ETC. NOTE
Bibliography, etc includes index.
650 ## - SUBJECT ADDED ENTRY--TOPICAL TERM
Source of heading or term Education,
942 ## - ADDED ENTRY ELEMENTS (KOHA)
Source of classification or shelving scheme Dewey Decimal Classification
Koha item type Open Shelf
Holdings
Withdrawn status Lost status Source of classification or shelving scheme Damaged status Not for loan Home library Current library Date acquired Source of acquisition Inventory number Total Checkouts Full call number Barcode Date last seen Price effective from Koha item type
    Dewey Decimal Classification     MUST Main Library MUST Main Library 29/01/2020 Purchase 2001/15817   372 EDU 1883 2020-0209 29/01/2020 29/01/2020 Open Shelf